|
|
|
|
| LEADER |
00000nkm a2200000 a 4500 |
| 001 |
vtls001462153 |
| 003 |
SK-MaSNL |
| 005 |
20260301014202.0 |
| 008 |
200701s2003 xo b 0| slo |
| 015 |
|
|
|a SNBG2003/04-02323
|
| 020 |
|
|
|a 8088936586
|
| 035 |
|
|
|a SNK000417460
|
| 040 |
|
|
|a SNK
|b slo
|c SNK
|e AACR2
|
| 041 |
0 |
|
|a slo
|
| 044 |
|
|
|a xo
|c SK
|
| 072 |
|
7 |
|a 373.2/.3
|x Predškolská a primárna výchova a vzdelávanie
|2 konspekt
|
| 080 |
|
|
|a 502:37.03
|2 1981
|
| 080 |
|
|
|a 373.24
|2 1981
|
| 080 |
|
|
|a 373.3
|2 1981
|
| 080 |
|
|
|a 37.0
|2 1981
|
| 080 |
|
|
|a 82-93
|2 1981
|
| 080 |
|
|
|a (076.1)
|2 1981
|
| 100 |
1 |
|
|a Tašková, Mária
|4 aut
|9 299258
|
| 245 |
1 |
|
|a Poďte s nami do lesa
|h grafika
|b environmentálna výchova
|c [autorka: Mária Tašková] ; [grafická úprava: Katarína Kuhajdová, Henrieta Andrášiová]
|
| 250 |
|
|
|a 1. vyd.
|
| 260 |
|
|
|a Prievidza
|b Maquita
|c 2003
|
| 300 |
|
|
|a 32 s.
|b ilustr.
|c 29 cm
|
| 500 |
|
|
|a Obalový názov
|
| 521 |
|
|
|a Pre deti 5-6 ročné
|
| 650 |
0 |
7 |
|a environmentálna výchova a vzdelávanie
|2 SNKPH
|9 67556
|
| 650 |
0 |
7 |
|a základné školy
|2 SNKPH
|9 1280
|
| 650 |
0 |
7 |
|a materské školy
|2 SNKPH
|9 1278
|
| 650 |
0 |
7 |
|a predškolská výchova
|2 SNKPH
|9 3959
|
| 655 |
|
7 |
|a pracovné zošity
|2 SNKPH
|9 70188
|
| 655 |
|
7 |
|a publikácie pre deti
|2 SNKPH
|9 70148
|
| 700 |
1 |
|
|a Kuhajdová, Katarína
|4 gup
|9 302045
|
| 700 |
1 |
|
|a Andrášiová, Henrieta
|4 gup
|9 275704
|
| 919 |
|
|
|a 80-88936-58-6
|
| 958 |
|
|
|a GBN
|
| 999 |
|
|
|c 558015
|d 559945
|
| 952 |
|
|
|t P60, <03>, [BOOK], {603}
|a SNK
|b SNK
|y PREZ
|7 0
|p 17A0403031
|o snkOSB 13806
|i snkKSP 14050/2003
|0 0
|1 0
|4 0
|d 2003-10-30
|l 0
|r 2005-01-02 00:00:00
|w 2026-02-23
|
| 952 |
|
|
|a SNK
|b SNK
|y PREZ
|7 0
|p 17A0403030
|o snkOSB 13806 D1
|i snkKSP 14051/2003
|8 3
|0 0
|1 0
|4 0
|d 2003-10-30
|l 0
|r 2005-01-02 00:00:00
|w 2026-02-23
|